Constitution of India (Record no. 231548)
[ view plain ]
| 000 -LEADER | |
|---|---|
| fixed length control field | 01355nam a22002177a 4500 |
| 005 - DATE AND TIME OF LATEST TRANSACTION | |
| control field | 20260122171346.0 |
| 008 - FIXED-LENGTH DATA ELEMENTS--GENERAL INFORMATION | |
| fixed length control field | 240805b ||||| |||| 00| 0 eng d |
| 020 ## - INTERNATIONAL STANDARD BOOK NUMBER | |
| International Standard Book Number | 9788119847174 |
| 040 ## - CATALOGING SOURCE | |
| Transcribing agency | AL |
| 041 ## - LANGUAGE CODE | |
| Language code of text/sound track or separate title | English |
| 082 ## - DEWEY DECIMAL CLASSIFICATION NUMBER | |
| Edition number | 23 |
| Classification number | 321.80954 |
| Item number | GHAC |
| 100 ## - MAIN ENTRY--PERSONAL NAME | |
| Personal name | Bhagyawan Ghaturkar |
| 100 ## - MAIN ENTRY--PERSONAL NAME | |
| 9 (RLIN) | 252282 |
| 245 ## - TITLE STATEMENT | |
| Title | Constitution of India |
| 260 ## - PUBLICATION, DISTRIBUTION, ETC. | |
| Place of publication, distribution, etc. | Noida |
| Name of publisher, distributor, etc. | Pearson India Education Services Pvt Ltd |
| Date of publication, distribution, etc. | 2024 |
| 300 ## - PHYSICAL DESCRIPTION | |
| Extent | ix,577 p. |
| Other physical details | PB |
| Dimensions | 23x17cm. |
| 365 ## - TRADE PRICE | |
| Price type code | 2658 |
| Price amount | ₹440.00 |
| Currency code | ₹ |
| Unit of pricing | ₹550.00 |
| Price note | 20% |
| Price effective from | 30-07-2024 |
| 440 ## - SERIES STATEMENT/ADDED ENTRY--TITLE | |
| Title | Volume I |
| 9 (RLIN) | 175133 |
| 520 ## - SUMMARY, ETC. | |
| Summary, etc. | Indian Polity, Governance and Constitution is integral to the preparation of the UPSC Prelims and Mains Examination. To ease the burden of the aspirants, this book comes as a rescue, introducing the concepts in a tabulated format to enhance retention and readability. Divided into 10 sections and 48 chapters, this book follows a systematic approach in deciphering The Constitution of India with respect to Indian Polity, in a seamless manner.<br/>Features –<br/>Unique treatment of topics into tabular format<br/>Relevant topics are supported with judgements/cases<br/>Important headings are highlighted with relevant icons to enhance revision<br/>‘FYI’ tables carry extra-info related to exam-significant topics and concepts |
| 650 ## - SUBJECT ADDED ENTRY--TOPICAL TERM | |
| Topical term or geographic name entry element | Special Reference to Indian Polity |
| 9 (RLIN) | 175134 |
| 942 ## - ADDED ENTRY ELEMENTS (KOHA) | |
| Source of classification or shelving scheme | Dewey Decimal Classification |
| Koha item type | Book |
| Withdrawn status | Lost status | Source of classification or shelving scheme | Damaged status | Not for loan | Collection code | Home library | Current library | Shelving location | Date acquired | Source of acquisition | Cost, normal purchase price | Total Checkouts | Full call number | Barcode | Date due | Date last seen | Date last checked out | Cost, replacement price | Price effective from | Koha item type |
|---|---|---|---|---|---|---|---|---|---|---|---|---|---|---|---|---|---|---|---|---|
| Dewey Decimal Classification | Political Science | St Aloysius Library | St Aloysius Library | Stack Section | 08/05/2024 | Biblios Book Point Surathkal Mangalore 575014 | 440.00 | 1 | 321.80954 GHAC | 077278 | 10/13/2025 | 06/14/2025 | 06/14/2025 | 550.00 | 08/05/2024 | Book |